Word Scramble- North America - Statistics

General Stats
  • This quiz has been taken 8 times
  • The average score is 16 of 24
Answer Stats
Hint Answer % Correct
Shambaa Bahamas
100%
Zeebli Belize
100%
Agrande Grenada
100%
Caimaja Jamaica
100%
Yxiotmicec Mexico City
100%
Comindia Dominica
88%
Shunardo Honduras
88%
Guanacari Nicaragua
88%
Tawato Ottawa
88%
Hiphalladiep Philadelphia
88%
Shontou Houston
75%
Jannusa San Juan
75%
Lacatinisu Saint Lucia
63%
Gomodintonas Santo Domingo
63%
Lestate Seattle
63%
Linead Denali
50%
Delsagreve Everglades
50%
Ollganssee Los Angeles
50%
Naccaydrong Grand Canyon
38%
Sherromutomun Mount Rushmore
38%
Toutsafebylitre Statue of Liberty
38%
Zhanithecci Chichén Itzá
25%
Muntsehawniotmong Washington Monument
25%
Bulpremiditsategine Empire State Building
0%
No matching quizzes found
Score Distribution
Percent of People with Each Score
Percentile by Number Answered
Your Score History
You have not taken this quiz